000
00265nam a2200097Ia 4500
001
1043011
005
20250826232113.0
008
250824s9999 xx 000 0 und d
245
0
_a
KALBİN TEMİZSE HİKAYEN MUTLU BİTER
_c
HAKAN MENGÜÇ
260
_b
DESTEK YAYINLARI
999
_c
1043011
_d
1043011